Französisch Verbformen - Sudden Death - Statistiken

Allgemein
  • Dieses Quiz wurde 138 mal gespielt
  • Das Durchschnittsergebnis liegt bei 3 aus 15
Answers on the Grid
Answers color-coded by a green-red scale on the quiz's grid according to % correct below.
Il a
Elle est allé
Nous avons couru
J'ai écri
Tu vais
Elles allent être
Tu était
Vous répondiez
Ils sont partis
Nous ont joués
Il avait parlé
Je suis tombée
Nous êtons
Vous faisez
On veut
Nous commencons
Ils ditaient
Elle a demandé
Nous sont retournés
Vous etez tombés
Je vais porte
Il va réussir
Nous avions fait
Tu propose
Elles sont sortis
On a mangé
Ils réfléchissent
Elle est
Vous étes quittés
Ils oublient
 
Antwortstatistiken
Antwort % Korrekt
Elle est
46%
Il a
45%
Il avait parlé
25%
Je suis tombée
25%
On a mangé
25%
On veut
25%
Ils oublient
24%
Ils sont partis
21%
Elle a demandé
20%
Ils réfléchissent
14%
Il va réussir
14%
Nous avons couru
13%
Vous répondiez
12%
Nous avions fait
11%
Ils ditaient
4%
Keine übereinstimmenden Quizze gefunden
Verteilung der Resultate
Anzahl Personen mit jedem Resultat
Perzentil nach korrekt beantworteten Fragen
Ihre Resultats-Entwicklung
Sie haben dieses Quiz noch nicht gespielt